Estatísticas para Países que começam com I

Clique aqui para jogar o quiz

Estatísticas Gerais

  • Esse quiz foi jogado 3 209 vezes
  • A pontuação média é 8 de 11

Estatísticas das Respostas

País% Correto
Irlanda
87%
Índia
86%
Islândia
82%
Indonésia
81%
Irão
77%
Iraque
74%
Iémen
67%
Itália
66%
Israel
64%
Ilhas Marshall
51%
Ilhas Salomão
50%

Distribuição das Pontuações

Percentil de Números Respondidos

Porcentagem de Pessoas com Cada Pontuação

Sua Pontuação Histórica

Você não jogou esse quiz